Loga stron internetowych / aplikacji - Statystyki

Ogólne statystyki
  • Ten quiz został rozwiązany 49 razy
  • Średni wynik to 15 z 32
Statystyki odpowiedzi
Obrazkowy Odpowiedź % Poprawnych
Facebook
100%
X
95%
WhatsApp
80%
Discord
78%
Microsoft Word
78%
Pinterest
78%
Twitch
78%
PayPal
75%
Telegram
70%
Microsoft Excel
68%
LinkedIn
65%
Microsoft Teams
65%
Microsoft PowerPoint
63%
Safari
60%
Reddit
53%
Gimp
48%
Tinder
48%
Adobe
43%
Microsoft Outlook
40%
Threads
38%
Dropbox
35%
GitHub
28%
Bing
25%
iTunes
23%
WordPress
23%
Adobe XD
20%
OneDrive
20%
TeamViewer
15%
Microsoft 365
13%
Google Fit
10%
Microsoft OneNote
10%
Microsoft SharePoint
5%
Nie znaleziono quizów pasujących do podanych kryteriów
Rozkład punktacji
Procent ludzi z każdym wynikiem
Percentyl według liczby udzielonych odpowiedzi
Twoja historia wyników
Nie rozwiązałeś tego quizu